| 000 | 00419cam a2200169ua 4500 | ||
|---|---|---|---|
| 003 | OSt | ||
| 008 | 250628b |||||||| |||| 00| 0 eng d | ||
| 041 | _aeng | ||
| 082 |
_a624.1834 _bVAZ/CO |
||
| 100 |
_aVazirani, V.N . _91702 |
||
| 245 | _aConcrete structures, Vol.IV / | ||
| 250 | _a16 / | ||
| 260 |
_aDelhi : _bKhanna publishers , _c1995. |
||
| 300 | _a1041 ; . | ||
| 700 | 1 |
_aRatwani, M.M . _91703 |
|
| 942 | _cBK | ||
| 999 |
_c9183 _d9183 |
||